书目信息 |
| 题名: |
现代复印机使用与维修技术
|
|
| 作者: | 施燕天 编 | |
| 分册: | ||
| 出版信息: | 北京 电子工业出版社 1993.4 |
|
| 页数: | 134页 | |
| 开本: | 26cm | |
| 丛书名: | ||
| 单 册: | ||
| 中图分类: | TS951.4 | |
| 科图分类: | ||
| 主题词: | 静电复印机--技术教育--教材 | |
| 电子资源: | ||
| ISBN: | 7-5053-1871-3 | |
| 000 | 00743nam0 2200253 450 | |
| 001 | 0100400547 | |
| 005 | 20020928000000.0 | |
| 010 | @a7-5053-1871-3@dCNY6.00 | |
| 011 | @a7-5053-1871-3 | |
| 100 | @a19800101d1993 em y0chiy0110 ea | |
| 101 | 0 | @achi |
| 102 | @aCN@b110000 | |
| 105 | @af z 000yy | |
| 106 | @ar | |
| 200 | 1 | @a现代复印机使用与维修技术@9Xian Dai Fu Yin Ji Shi Yong Yu Wei Xiu Ji Shu;Zhu @f施燕天编@b专著 |
| 210 | @a北京@c电子工业出版社@d1993.4 | |
| 215 | @a134页@d26cm | |
| 300 | @a附图集 | |
| 300 | @a全国家用电器维修培训教材 9 | |
| 606 | 0 | @a静电复印机@x技术教育@x教材 |
| 690 | @aTS951.4@v三版 | |
| 701 | 0 | @a施燕天@9shi yan tian@4编 |
| 801 | 0 | @aCN@bAiZhiMarc@c19800101 |
| 905 | @aBZT@dTS951.4@e2@f1@sTS951.4/2 | |
| 现代复印机使用与维修技术/施燕天编.-北京:电子工业出版社,1993.4 |
| 134页;26cm |
| 附图集.-全国家用电器维修培训教材 9 |
| ISBN 7-5053-1871-3:CNY6.00 |
| ● |
| 相关链接 |
|
|
|
正题名:现代复印机使用与维修技术
索取号:TS951.4/2
 
预约/预借
| 序号 | 登录号 | 条形码 | 馆藏地/架位号 | 状态 | 备注 |
| 1 | 2000066416 | 2000066416 | 旧书回溯/ [索取号:TS951.4/2] | 在馆 |